Quizzes
Events
Quiz Creation
Community
Videos
Private Events
Remove Ads
Sign In
Join for FREE
Feedback
Dark Mode
Quiz Categories
Sports
Geography
Music
Movies
Television
Just For Fun
Miscellaneous
History
Literature
Language
Science
Gaming
Entertainment
Religion
Holiday
For Kids
Quiz Lab
Recent
Popular Today
Quiz Kudos Today
Editor Picks
Curator Picks
Quizzes by...
Day
Popularity
Type
Ratings
Length
Year
Community
Subscriptions
Recent Discussions
Orange Saloon
Badges
Playlists
Quests
Create
Leaderboards
Showdown
Live 5
Trivia Bingo
Activity
Puzzle Library
Sporcle Events
Private Events
Virtual Trivia
Globe League
Become a Host
Pub Owners
SporcleCon
Opinionation
Our Games
Videos
Blog
Mobile Apps
Partnerships
Remove Ads and Go Orange
Feedback
Television
TV Characters
TV Show
Sitcom
Network
Friends
Reality Shows
Cast
South Park
Star Trek
The Simpsons
Doctor Who
Television
TV Characters
TV Show
Sitcom
Network
Friends
Reality Shows
Cast
South Park
Star Trek
The Simpsons
Doctor Who
Random Quiz
Search Sporcle
×
Quiz Lab
Quiz Lab
Television
Actor
Type in answers that appear in a list
Type in answers that appear in a list
Classic
Best Score? Go Orange.
Prisoner Cell Block H Regulars Stats
Can you name the actors/characters who appeared in over 100 episodes of the Australian soap Prisoner Cell Block H?
By
craggers
8m
21 Questions
480 Plays
480 Plays
480 Plays
Comments
Comments
Give Quiz Kudos
Give Quiz Kudos
-
- Ratings
hide this ad
More Info
Replay
Link that replays current quiz
Next Quiz
Link to next quiz in quiz playlist
You Got
0%
They Got
Avg Score
73%
Avg Friend Score
Upgrade to see
Score Distribution
Jump to the score distribution portion of the page
Score
0/21
Timer
08:00
0
Plays Today
No. of episodes and year
Actor
% Correct
376 (1979-
1983)
Val Lehman
97%
669 (1979-
1984)
Elspeth Ballantyne
94.1%
403 (1979-
1984)
Sheila Florance
93%
293 (1979-
1984)
Colette Mann
89%
429 (1980-
1985)
Betty Bobbitt
86.6%
352 (1979-
1984)
Patsy King
86.2%
389 (1982-
1986)
Maggie Kirkpatrick
85.8%
222 (1979-
1981)
Fiona Spence
82.4%
209 (1979-
1982)
Gerard Maguire
77.9%
263 (1979-
1984)
Judith McGrath
75.6%
106 (1985-
1986)
Glenda Linscott
75.4%
No. of episodes and year
Actor
% Correct
128 (1979, 1980-
1985)
Anne Phelan
74.7%
319 (1981,1983-
1986)
Gerda Nicolson
71.8%
151 (1981, 1983, 1984-
1986)
Louise Siverson
70.3%
255 (1979-
1986)
Joy Westmore
66%
108 (1979-
1983)
Amanda Muggleton
63.5%
107 (1979-
1984)
Jane Clifton
61.6%
139 (1985-
1986)
Pepe Trevor
51%
108 (1983-
1985)
Maxine Klibingaitis
48.4%
170 (1984-
1986)
Lois Collinder
46.3%
139 (1979-
1984)
Reylene Pearce
36.9%
Quiz Playlist
Details
Report
Send in Message
Add To Playlist
More Info:
Enter the names of either the actor or the character who served the longest time in PCBH... (including the screws!)
Classic:
Type in answers that appear in a list
Last Updated: Feb 16, 2017
Quiz Scoreboard
CHALLENGE
Sign Up to Join the Scoreboard
Show All
Scores
Hide
Comments
May contain spoilers
Recently Published
NBA Finals Game Top Scorers (2010s)
by flibbidy
Sports
5m
Guess the 'R' Things in 3 Words
by MSUKent
Miscellaneous
3m
Actor to Badly Drawn Movie III
by MoMosMoProblems
Movies
5m
More to Explore
Quiz From the Vault
Featured Blog Post
Where Does Lost Luggage Go?
hide this ad
You Might Also Like...
Tags
Actor Quiz
100
block
cell
Character
episode
Prisoner
regular
Today's Top Quizzes in Television
Browse Television
hide this ad
Today's Top Quizzes in Actor
Browse Actor
Top Contributed Quizzes in Television
1
Hidden Simpsons Character
2
First Name TV: Leading Men
3
Hidden Simpsons Character II
4
Hidden Simpsons Character III
5
First Name TV: Leading Women Drama
6
Hidden Simpsons Character IV
7
Hidden Simpsons Character V
8
Hidden Simpsons Character VI
9
Hidden Simpsons Character VII
10
Pick A Pair: Religious TV
Explore More
Trending Topics
Crossword
Harry Potter
Anime
Kpop
NBA
Marvel
Disney
NFL
Pokémon
Soccer
Country
The Office
Song
WWE
Puzzle
hide this ad
More By:
craggers
Quiz
Plays
Rating
Category
Featured
Created
James Bond Recurring Characters
2,273
4.70
Movies
May 1, 2010
Scottish Islands
2,199
4.67
Geography
Dec 15, 2009
Carry On Film Regulars
2,152
5.00
Movies
Nov 22, 2009
James Bond trivia
2,120
4.13
Entertainment
Dec 14, 2009
UK Number One Artists: The 1980s
1,897
5.00
Music
Nov 6, 2015
Go to Creator's Profile
Score Distribution
Quiz Creator Spotlight
craggers
Follow
Send a Message
Quizzes Created
-
Created Quiz Play Count
-
More By This Creator
Popular Quizzes Today
1
Find the US States - No Outlines Minefield
2
Find the US States
3
The Countries of the World
4
10 Largest US States in Order
5
Find the Countries of Europe - No Outlines Minefield
6
US States
7
Guess the 'R' Things in 3 Words
8
NBA Finals Game Top Scorers (2010s)
More Television Quizzes
Teen Titans Villains Blitz III
Curator's Pick
Trending Quizzes
First Name TV: Leading Men
Match the Book to the Film II
First Name TV: Leading Women Drama
Match the Book to the Film VI
3-Word Movies in 1 Word II
Recently Updated
Women's Final Four Teams by Year
bhenderson79
Presidents Quartet II
eogle
Anything But Clue(do)
eogle
Anything But Oceanian Capitals
eogle
Anything But 7
eogle
Anything But Thing
eogle
Word Ladder: February 29
pecheneg
Song Title Questions
pecheneg
Women's NCAA Tournament #1 Seeds
pecheneg
Celebrity Mug Shots
pecheneg
Trending Topics
Kpop
NBA
Marvel
Crossword
Anime
Harry Potter
Disney
Soccer
Song
WWE
Pokémon
Puzzle
NFL
Country
The Office
Your Account Isn't Verified!
In order to create a playlist on Sporcle, you need to verify the email address you used during registration. Go to your
Sporcle Settings
to finish the process.
Report this User
Report this user for behavior that violates our
Community Guidelines
.
Details:
Send Report
Go to the Sporcle.com Mobile Site →
Comments